La Liga Champions - Sudden Death - Statistics

General Stats
  • This quiz has been taken 538 times
  • The average score is 6 of 9
Answers on the Grid
Answers color-coded by a green-red scale on the quiz's grid according to % correct below.
Alavés
Almería
Athletic Bilbao
Atlético Madrid
Barcelona
Cádiz
Celta Vigo
Córdoba
Deportivo La Coruña
Espanyol
Getafe
Girona
Granada
Las Palmas
Leganés
Málaga
Mallorca
Osasuna
Oviedo
Racing Santander
Rayo Vallecano
Real Betis
Real Madrid
Real Sociedad
Sevilla
Sporting Gijón
Valencia
Valladolid
Villarreal
Zaragoza
 
Answer Stats
Answer % Correct
Barcelona
92%
Atlético Madrid
89%
Real Madrid
84%
Athletic Bilbao
65%
Valencia
64%
Deportivo La Coruña
56%
Sevilla
56%
Real Sociedad
42%
Real Betis
32%
No matching quizzes found
Score Distribution
Percent of People with Each Score
Percentile by Number Answered
Your Score History
You have not taken this quiz